| 000 | 00905nam a22002657a 4500 | ||
|---|---|---|---|
| 005 | 20170124105920.0 | ||
| 010 | _aA-820994 | ||
| 020 |
_a8171008429 _c00.00 |
||
| 035 | _aA-820994 | ||
| 037 | _bCen Lib/Ret | ||
| 040 |
_aDPL _bEN |
||
| 082 |
_a331.310954 _bMOH |
||
| 100 |
_aMohd.Mustafa _94034 |
||
| 245 |
_aChild Loabour in India : _cby Mohd.Mustafa [and] Onkar Sharma _ba bitter truth / |
||
| 260 |
_aNew Delhi _bDeep and Deep Publications _c1996 |
||
| 270 |
_aF-159,Rajouri Garden _bNew Delhi _e110027 |
||
| 300 |
_avii,204p. _c23cm(Hb) |
||
| 500 | _aIncludes index | ||
| 650 |
_aLabour Economics-Child _962304 |
||
| 650 |
_aChild Labour Laws _94036 |
||
| 650 |
_aश्रम अर्थशास्त्र-बाल _962305 |
||
| 650 |
_aबाल श्रम कानून _93572 |
||
| 700 |
_aSharma,Onkar _962306 |
||
| 942 |
_2ddc _cEN _h331.310954 _mMOH |
||
| 999 |
_c123081 _d123081 |
||